Q - 2003 asfaltové vozovky : rekonštrukcia, obnova, opravy a údržba : 5. seminár s medzinárodnou účasťou : Žilina 29.-30. apríla 2003

Bibliographic Details
Corporate Author: Q-2003 Asfaltové vozovky Žilina, Slovensko (Author)
Other Authors: Schlosser, František, 1949- (Compiler)
Format: Conference Proceeding Book
Language:Slovak
Czech
English
German
PhysicalDescription:282 strán fotografie, grafy, schémy, tabuľky 21 cm
Published: V Žiline Žilinská univerzita 2003
ISBN:8080700613
Edition:1. vydanie
Subjects:

MARC

LEADER 00000cam a2200000 a 4500
001 vtls001464452
003 SK-MaSNL
005 20260301163337.0
008 240226s2003 xo odl frn 100 0 slo
015 |a SNBA2004/01-00427 
020 |a 8080700613 
035 |a SNK000419757 
035 |a urn:nbn:sk:snk-am3j1uh 
035 |a 230F1E76-AF59-437B-AD67-68DA83B689E0 
035 |a urn:nbn:sk:snk-am00ghtf 
040 |a SNK  |b slo  |c SNK  |e AACR2 
041 0 |a slo  |a cze  |a eng  |a ger 
044 |a xo  |c SK 
072 7 |a 625  |x Pozemné komunikácie. Železničné staviteľstvo  |2 konspekt 
080 |a 625.7/.8  |2 2011 
080 |a 625.85  |2 2011 
080 |a (062.534)  |2 2011 
111 2 |a Q-2003 Asfaltové vozovky  |n (5. :  |d 2003 :  |c Žilina, Slovensko)  |4 aut  |9 529188 
245 1 0 |a Q - 2003  |b asfaltové vozovky : rekonštrukcia, obnova, opravy a údržba : 5. seminár s medzinárodnou účasťou : Žilina 29.-30. apríla 2003  |c zostavovateľ: František Schlosser 
250 |a 1. vydanie 
260 |a V Žiline  |b Žilinská univerzita  |c 2003 
300 |a 282 strán  |b fotografie, grafy, schémy, tabuľky  |c 21 cm 
366 |e 150 kusov 
504 |a Obsahuje bibliografické odkazy 
546 |a Čiastočný text anglický, český a nemecký 
650 0 7 |a pozemné komunikácie  |2 SNKPH  |9 3578 
650 0 7 |a asfaltové vozovky  |2 SNKPH  |9 4360 
655 7 |a zborníky konferencií  |2 SNKPH  |9 70153 
700 1 |a Schlosser, František,  |d 1949-  |4 com  |9 243537 
752 |a Slovensko  |d Žilina 
919 |a 80-8070-061-3 
958 |a NB 
958 |a OND 
999 |c 816731  |d 818661 
952 |t P60, <03>, [BOOK], {603}  |a SNK  |b SNK  |y PREZ  |7 0  |p 17A0405289  |o snkSC 113862  |i snkKSP 15296/2003  |0 0  |1 0  |4 0  |d 2003-12-03  |f 1  |l 0  |r 2025-10-02 00:00:00  |w 2026-02-24 
952 |t snkASF 625.7  |a SNKUST  |b SNKUST  |y PREZ  |7 0  |p 17A0405288  |o snkSC 113862 D1  |i snkKSP 15297/2003  |0 0  |1 0  |4 0  |d 2003-12-03  |l 0  |r 2025-05-07 00:00:00  |w 2026-02-24